Μικροεπισκευές / Ηλεκτρολογικά, Υδραυλικά, Μονωση και Θέρμανση (Record no. 3084)
[ view plain ]
| 000 -LEADER | |
|---|---|
| fixed length control field | 01822cam a22001934a 4500 |
| 005 - ΗΜΕΡΟΜΗΝΙΑ ΚΑΙ ΩΡΑ ΤΕΛΕΥΤΑΙΑΣ ΕΝΗΜΕΡΩΣΗΣ | |
| Πεδίο ελέγχου | 20250605164104.0 |
| 008 - FIXED-LENGTH DATA ELEMENTS--GENERAL INFORMATION | |
| Πεδίο ελέγχου σταθερού μήκους | 250528s ||||||||||||||||||||||||d |
| 035 ## - SYSTEM CONTROL NUMBER | |
| System control number | 17682 |
| 020 ## - ISBN | |
| ISBN | 9789605461584 |
| 040 ## - ΠΗΓΗ ΚΑΤΑΛΟΓΟΓΡΑΦΗΣΗΣ | |
| Φορέας πρωτότυπης καταλογογράφησης | MC Athens Campus Library |
| Γλώσσα καταλογογράφησης | Ελληνικά, Μοντέρνα (1453-) |
| Modifying agency | MC Athens Campus Library |
| Κανόνες περιγραφικής καταλογογράφησης | AACR2 |
| 245 1# - ΤΙΤΛΟΣ ΚΑΙ ΔΗΛΩΣΗ ΥΠΕΥΘΥΝΟΤΗΤΑΣ | |
| Τίτλος | Μικροεπισκευές / Ηλεκτρολογικά, Υδραυλικά, Μονωση και Θέρμανση |
| 260 ## - PUBLICATION, DISTRIBUTION, ETC. | |
| Name of publisher, distributor, etc. | Πεδίο, |
| Date of publication, distribution, etc. | 2013 |
| 300 ## - PHYSICAL DESCRIPTION | |
| Extent | 160 |
| 520 ## - SUMMARY, ETC. | |
| Summary, etc. | Μάθετε ό,τι χρειάζεται, για να κάνετε συνήθεις μικροεπισκευές παίρνοντας όλες τις προφυλάξεις, για να βελτιώσετε την άνεση και την ασφάλεια του σπιτιού σας. Ηλεκτρολογικά, Τα Εργαλεία του Ηλεκτρολόγου, Ασφάλεια στο Σπίτι, Τα Ηλεκτρικά Κυκλώματα, Επιδιορθώσεις και Μικρές Παρεμβάσεις, Τροποποίηση Ενός Ηλεκτρικού Κυκλώματος, Υδραυλικά, Τα Εργαλεία του Υδραυλικού, Νερό Μέσα στο Σπίτι, Σωληνώσεις και Συναρμογές, Επισκευάστε Συνηθισμένες Βλάβες, Το Καζανάκι της Τουαλέτας, Αερισμός και Μόνωση, Καταπολέμηση της Υγρασίας, Εξασφάλιση Επαρκούς Αερισμού, Ενίσχυση της Μόνωσης, Θέρμανση, Οι Διάφορες Μορφές Ενέργειας, Βελτιστοποίηση του Συστήματος Θέρμανσης, Χρήσιμοι όροι, Πρώτες Βοήθειες σε Ηλεκτροπληξία. |
| 710 2# - ΠΡΟΣΘΕΤΗ ΑΝΑΓΡΑΦΗ--ΣΥΛΛΟΓΙΚΟ ΟΡΓΑΝΟ | |
| Corporate name or jurisdiction name as entry element | Larousse |
| 9 (RLIN) | 9748 |
| 942 ## - ADDED ENTRY ELEMENTS (KOHA) | |
| Koha item type | Books |
| Τύπος τεκμηρίου | Βιβλιοθήκη | Τρέχουσα τοποθεσία | Barcode | Αριθμός εισαγωγής | Ημερομηνία απόκτησης | Ταξιθετικό σύμβολο | Αριθμός αντιτύπου | Κατάσταση απόσυρσης | Κατάσταση χαμένου | Κατάσταση κατεστραμμένου | Μη δανεισμός | Σύνολο δανεισμών | Ημερομηνία τελευταίας εμφάνισης | Η τιμή ισχύει από |
|---|---|---|---|---|---|---|---|---|---|---|---|---|---|---|
| Books | MC Athens Campus Library | MC Athens Campus Library | 9780000030832 | 6031 | 05/06/2025 | 643.7 LAR | 1 | 05/06/2025 | 05/06/2025 |